000 00298nam a2200133Ia 4500
008 100328s9999 xx 000 0 und d
082 _b66820
100 _aSheth Sneha.
245 _aGrandma Tales.
260 _bSheth.
630 _aGrandma Tales.
730 _aGrandma Tales.
942 _cBOOK
999 _c552559
_d552556